|
|
|
|
| LEADER |
01610nam a2200433 4500 |
| 001 |
9781838675073 |
| 003 |
UtOrBLW |
| 005 |
20190919150537.0 |
| 006 |
m o d |
| 007 |
cr un||||||||| |
| 008 |
190920t20192019enk o 001 0 eng d |
| 020 |
|
|
|a 9781838675073 (e-book)
|
| 040 |
|
|
|a UtOrBLW
|b eng
|e rda
|c UtOrBLW
|d GrThAP
|
| 050 |
|
4 |
|a HD59
|b .B54 2019
|
| 072 |
|
7 |
|a BUS052000
|2 bisacsh
|
| 072 |
|
7 |
|a KJSP
|2 bicssc
|
| 080 |
|
|
|a 659.2
|
| 082 |
0 |
4 |
|a 659.2
|2 23
|
| 245 |
0 |
0 |
|a Big ideas in public relations research and practice /
|c edited by Finn Frandsen, Winni Johansen, Ralph Tench, and Stefania Romenti.
|
| 264 |
|
1 |
|a Bingley :
|b Emerald Publishing Limited,
|c 2019.
|
| 264 |
|
4 |
|c ©2019
|
| 300 |
|
|
|a 1 online resource (xix, 193 pages) ;
|c cm.
|
| 336 |
|
|
|a text
|b txt
|2 rdacontent
|
| 337 |
|
|
|a computer
|b c
|2 rdamedia
|
| 338 |
|
|
|a online resource
|b cr
|2 rdacarrier
|
| 490 |
1 |
|
|a Advances in public relations and communication management,
|x 2398-3914 ;
|v volume 4
|
| 500 |
|
|
|a Includes index.
|
| 588 |
0 |
|
|a Print version record.
|
| 650 |
|
0 |
|a Public relations.
|
| 650 |
|
0 |
|a Knowledge, Theory of.
|
| 650 |
|
7 |
|a Business & Economics, Public Relations.
|2 bisacsh
|
| 650 |
|
7 |
|a Public relations.
|2 bicssc
|
| 700 |
1 |
|
|a Frandsen, Finn,
|e editor.
|
| 700 |
1 |
|
|a Johansen, Winni,
|e editor.
|
| 700 |
1 |
|
|a Tench, Ralph,
|e editor.
|
| 700 |
1 |
|
|a Romenti, Stefania,
|e editor.
|
| 776 |
|
|
|z 9781838675080
|
| 830 |
|
0 |
|a Advances in public relations and communication management ;
|v v. 4.
|x 2398-3914
|
| 856 |
4 |
0 |
|u https://www.emerald.com/insight/publication/doi/10.1108/S2398-391420194
|z Full Text via HEAL-Link
|